01742nam a2200445 i 450000100060000000300080000600500170001400600190003100700150005000800410006502000180010603500230012403500240014703500250017103500220019604000310021805000210024908000070027008200170027724501030029426400660039730000410046333600310050433700330053533800430056849000300061158801240064159001640076565000330092965000450096265000370100765000350104465500270107970000290110670000320113579700190116783000310118685600620121799900170127931829FlNmELB20241216220706.0m o d | cr cnu||||||||150608s2011 sp o 000 0 spa d z9788490120385 a(MiAaPQ)EBC3199462 a(Au-PeEL)EBL3199462 a(CaPaEBR)ebr10565709 a(OCoLC)1005795596 aFINmELBbspaerdacFINmELB 4aK1555bM313 2011 a340 a346.048822300aMarcas y distribución comercial /cEduardo Galán Corona y Fernando Carbajo Cascón (Coords.). 1aSalamanca :bEdiciones de la Universidad de Salamanca,c2011. a1 recurso en línea (355 páginas) atextobtxt2rdacontent/spa acomputadorabc2rdamedia/spa arecurso en líneabcr2rdacarrier/spa1 aActa Salmanticensia ;v86 aDescripción basada en recurso en línea; Título de la página del título en PDF (e-libro, visto June 08, 2015). aRecurso electrónico. Santa Fe, Arg.: e-libro, 2015. Disponible vía World Wide Web. El acceso puede estar limitado para las bibliotecas afiliadas a e-libro. 4aMarcas de comercioxDerecho. 4aDistribución de mercancíasxDerecho. 0aTrademarksxLaw and legislation. 0aDistribution (Economic theory) 4aLibros electrónicos.1 aGalán Corona, Eduardo.1 aCarbajo Cascón, Fernando.2 ae-libro, Corp. 0aActa Salmanticensia ;v86.40uhttps://elibro.net/ereader/politecnicointernacional/55654 c31829d31829